00360nam a2200121Ia 4500008004100000100002400041245007700065260004400142300000900186650002100195942000700216999001500223190216s9999||||xx |||||||||||||| ||und|| aLawrence R Newcomer 0aSchaum`S Series Theory And Problems Of Programming With Structured Cobol bMcgraw-Hill International Editionc1987 a374p aComputer Science cBK c8361d8361